000 00863nam a2200265 i 4500
001 bg
100 1 _aKULICKI, Jacek.
245 1 0 _aPodatek dochodowy od osób fizycznych 2002.
_nT.1 /
_cJacek Kulicki.
260 _aWarszawa :
_b"ABC",
_ccop. 2001.
300 _a446, [1] s. ;
_c24 cm.
650 9 _aPodatek dochodowy od osób fizycznych
_xprawo
_zPolska
_ystan na 2002 r.
655 _aPodręczniki
020 _a8372844755 (t. 2)
020 _a8372844739 (całość)
020 _a8372844747 (t. 1)
040 _cBPK
041 0 _apl
080 _a336.226.11(438)(07)
920 _a83-7284-475-5 (t. 2)
920 _a83-7284-473-9 (całość)
920 _a83-7284-474-7 (t. 1)
942 _cKS
008 s pl f |000 0 pol
999 _c41590
_d41590
856 _uhttp://koha.tu.koszalin.pl/cgi-bin/koha/opac-detail.pl?biblionumber=41590
_yKatalog online BPK